Định mệnh trái ngang = Under Gemini

Zapisane w:
Opis bibliograficzny
1. autor: Pilcher, Rosamunde
Format: Książka
Język:Undetermined
Wydane: Hà Nội Lao Động 2004
Hasła przedmiotowe:
Etykiety: Dodaj etykietę
Nie ma etykietki, Dołącz pierwszą etykiete!
Thư viện lưu trữ: Trung tâm Học liệu Trường Đại học Cần Thơ
LEADER 00566nam a2200205Ia 4500
001 CTU_97291
008 210402s9999 xx 000 0 und d
020 |c 42000 
082 |a 823.9 
082 |b P637 
100 |a Pilcher, Rosamunde 
245 0 |a Định mệnh trái ngang = 
245 0 |b Under Gemini 
245 0 |c Rosamunde Pilcher ; Bảo Trân biên dịch 
260 |a Hà Nội 
260 |b Lao Động 
260 |c 2004 
650 |a English fiction 
904 |i Minh(Tuyên) 
980 |a Trung tâm Học liệu Trường Đại học Cần Thơ